| 000 | 02952nam0a2200445 4500 | ||
|---|---|---|---|
| 001 | RU\NLR\BIBL_A\011861107 | ||
| 005 | 20221208113142.0 | ||
| 010 |
_a978-5-00097-319-6 _91000 |
||
| 021 |
_aRU _bКН-П-18-077565 _9КН-П-18-5612 |
||
| 035 | _a(NLR Aleph) 011861107 | ||
| 035 | _a(RuMoRGB)009778660 | ||
| 090 |
_a12153864 _c12153863 |
||
| 100 | _a20181112d2018 k y0rusy50 ca | ||
| 101 | 0 | _arus | |
| 102 | _aRU | ||
| 105 | _a c||z|||000zy | ||
| 200 | 1 |
_aБиологически активные вещества (хитозан и его производные) _eмонография _f[А.Я. Самуйленко, д.б.н., проф., акад. РАН, засл. деят. науки РФ, С.А. Гринь, д.б.н., проф., чл.-кор. РАН, А.И. Албулов, д.б.н., проф., засл. вет. врач РФ и др.] _gпод редакцией академика РАН А.Я. Самуйленко _gМинистерство сельского хозяйства Российской Федерации, ФГБНУ "Всероссийский научно-исследовательский и технологический институт биологической промышленности" [и др.] |
|
| 210 |
_aКраснодар _cКубГАУ _d2018 |
||
| 215 |
_a355 с. _cил., табл., цв. портр. _d21 |
||
| 300 | _aАвт. указаны на обороте тит. л. | ||
| 320 | _aБиблиогр.: с. 254-325 и в подстроч. примеч. | ||
| 606 | 1 |
_aХитозан _xПрименение в сельском хозяйстве _2nlr_sh1 _2nlr_sh2 _3RU\NLR\AUTH\661415791 |
|
| 606 | 1 |
_aХитозан _xЛечебное применение _2nlr_sh1 _2nlr_sh2 _3RU\NLR\AUTH\661416106 |
|
| 606 | 1 |
_aСорбенты полимерные _xПрименение в молекулярной хроматографии _2nlr_sh1 _2nlr_sh2 _3RU\NLR\AUTH\661031634 |
|
| 606 | 1 |
_aХитозан _xПрименение в пищевом производстве _2nlr_sh2 _3RU\NLR\AUTH\6601651679 |
|
| 686 | 1 | _aП415.245 | |
| 686 | 1 | _aП049 | |
| 686 | 1 | _aР281.795 | |
| 686 | 1 | _aГ471.2-4 | |
| 686 | 1 | _aЛ80-3 | |
| 701 | 1 |
_aСамуйленко _bА. Я. _gАнатолий Яковлевич |
|
| 701 | 1 |
_aГринь _bС. А. _cд-р биол. наук _f1976- _gСветлана Анатольевна _3RU\NLR\AUTH\770185595 |
|
| 701 | 1 |
_aАлбулов _bА. И. _gАлексей Иванович |
|
| 712 | 0 | 2 |
_aВсероссийский научно-исследовательский и технологический институт биологической промышленности _cпос. Биокомбината, Московская обл. _3RU\NLR\AUTH\889993549 _4570 |
| 942 | _cBOOK | ||
| 980 | _aNBR | ||
| 980 | _aNB | ||